00430nam a2200169Ia 4500008004000000041000800040082001700048100002700065245006200092260002300154300001000177650001000187650002500197650001200222650001600234650001000250210210b2011 xxu||||| |||| 00| 0 eng d aeng a494.812 UPAB aUPADHYAYA (Susheela P) aBeary language: descriptive grammar and comparative study aMangaloreb-c2011 ax,266 astudy alanguage:descriptive agrammar acomparative aBeary